Síra ako nečistota pri výrobe hliníka

Uložené v:
Podrobná bibliografia
Hlavný autor: Svoboda, Dušan
Médium: Kniha
Jazyk:Slovak
Vydavateľské údaje: Bratislava STU FCHPT 2006
On-line prístup:View in OPAC
Tagy: Pridať tag
Žiadne tagy, Buďte prvý, kto otaguje tento záznam!

MARC

LEADER 00000nam a2200000 a 4500
005 20260127134210.0
008 060607 2006 xo 000 0 slo d
035 |a vtls008771242 
039 9 |a 200606080841  |b mschk03  |y 200606080818  |z mschk03 
040 |a STUSCHK1  |b slo  |c STUSCHK1  |e AACR2 
100 1 |a Svoboda, Dušan 
245 1 |a Síra ako nečistota pri výrobe hliníka 
260 |a Bratislava  |b STU FCHPT  |c 2006 
300 |a 47 s.  |b obr.,tab.,lit. + CD-ROM 
500 |a Obháj.: 5.6. 2006 
500 |a Špec.: Anorganická technológia a materiály 
500 |a Ústav anorganickej chémie, technológie a materiálov 
910 |a SCHK95 
999 |c 6490  |d 6490